00342nam a2200145Ia 4500003000400000005001700004008004100021040000700062041000800069082001900077100001800096245002300114260004600137365001300183OSt20230509151439.0210423s1999 xx 000 0 und d cAL aeng a302 223bSHAS aSHARAN (A K). aSocial psychology. aNew DelhibCommonwealth Publicationc1999 b700cINR